<?xml version="1.0" encoding="UTF-8"?><?xml-stylesheet type="text/xsl" href="static/style.xsl"?><OAI-PMH xmlns="http://www.openarchives.org/OAI/2.0/" xmlns:xsi="http://www.w3.org/2001/XMLSchema-instance" xsi:schemaLocation="http://www.openarchives.org/OAI/2.0/ http://www.openarchives.org/OAI/2.0/OAI-PMH.xsd"><responseDate>2026-06-29T08:01:12Z</responseDate><request verb="GetRecord" identifier="oai:docta.ucm.es:20.500.14352/103950" metadataPrefix="marc">https://docta.ucm.es/rest/oai/request</request><GetRecord><record><header><identifier>oai:docta.ucm.es:20.500.14352/103950</identifier><datestamp>2025-03-18T13:48:47Z</datestamp><setSpec>com_20.500.14352_14</setSpec><setSpec>col_20.500.14352_15</setSpec></header><metadata><record xmlns="http://www.loc.gov/MARC21/slim" xmlns:dcterms="http://purl.org/dc/terms/" xmlns:xsi="http://www.w3.org/2001/XMLSchema-instance" xmlns:doc="http://www.lyncode.com/xoai" xsi:schemaLocation="http://www.loc.gov/MARC21/slim http://www.loc.gov/standards/marcxml/schema/MARC21slim.xsd">
   <leader>00925njm 22002777a 4500</leader>
   <datafield ind2=" " ind1=" " tag="042">
      <subfield code="a">dc</subfield>
   </datafield>
   <datafield ind2=" " ind1=" " tag="720">
      <subfield code="a">Katsamakas, Evangelos</subfield>
      <subfield code="e">author</subfield>
   </datafield>
   <datafield ind2=" " ind1=" " tag="720">
      <subfield code="a">Sánchez Cartas, Juan Manuel</subfield>
      <subfield code="e">author</subfield>
   </datafield>
   <datafield ind2=" " ind1=" " tag="260">
      <subfield code="c">2024-05-09</subfield>
   </datafield>
   <datafield ind2=" " ind1=" " tag="520">
      <subfield code="a">Peer-to-peer (P2P) lending has attracted scholarly attention because of its economic significance and potential to democratize access to finance. However, P2P lending platforms face many challenges and failures that we need to understand more clearly. We build a computational model to study how borrower default affects P2P platform lending. We show that borrower default disrupts the P2P network formation process and undermines platform stability. Moreover, we find that defaults increase the inequality in accessing funding and provide a rationale for using curation rules, widely used in P2P platforms, in contrast to P2P insurance, which fosters cascading defaults. We also address a new trend in P2P lending platforms in which large companies (institutional investors) play an increasingly important role. We f ind that the presence of large companies creates a denser network (more loans) but generates a trade-off between making the platform more resilient to cascading defaults and more dependent on specific players. Overall, we explain how borrower defaults affect platform stability and what makes a platform vulnerable, threatening its survival. We discuss research and managerial insights into platform stability and the economic effect of P2P lending platforms.</subfield>
   </datafield>
   <datafield ind1="8" ind2=" " tag="024">
      <subfield code="a">Katsamakas, E., Sanchez-Cartas, J.M. A computational model of the effects of borrower default on the stability of P2P lending platforms. Eurasian Econ Rev (2024). https://doi.org/10.1007/s40822-024-00280-0</subfield>
   </datafield>
   <datafield ind1="8" ind2=" " tag="024">
      <subfield code="a">10.1007/s40822-024-00280-0</subfield>
   </datafield>
   <datafield ind1="8" ind2=" " tag="024">
      <subfield code="a">https://hdl.handle.net/20.500.14352/103950</subfield>
   </datafield>
   <datafield ind1="8" ind2=" " tag="024">
      <subfield code="a">2147-429X</subfield>
   </datafield>
   <datafield ind1="8" ind2=" " tag="024">
      <subfield code="a">https://doi.org/10.1007/s40822-024-00280-0</subfield>
   </datafield>
   <datafield ind2="0" ind1="0" tag="245">
      <subfield code="a">A computational model of the effects of borrower default on the stability of P2P lending platforms</subfield>
   </datafield>
</record></metadata></record></GetRecord></OAI-PMH>